000 00582nam a2200205Ia 4500
005 20260429112023.0
008 260429s9999||||xx |||||||||||||| ||und||
020 _a9781032456959
041 _aEnglish
082 _a370.114
_bMA
100 _aMa, Ying
245 0 _aEthics of becoming a good teacher :
_bin conversation with Aristotle and Confucius /
_cYing Ma
250 _a1st ed.
260 _aNew York :
_bRoutledge,
_c2024.
300 _avii, 137 p.; hb
650 _a Educational philosophy
650 _a Moral education
650 _aTeaching ethics
942 _cTB
999 _c51929
_d51929